Statistics for Flags of the World - Three Minute Sprint

Click here to take the quiz!

General Stats

  • This quiz has been taken 177 times
  • The average score is 72 of 196

Answer Stats

Answer% Correct
United Kingdom
100%
United States
100%
Australia
98%
Canada
96%
New Zealand
95%
France
94%
Russia
94%
Ireland
93%
Italy
93%
Japan
90%
Netherlands
90%
South Korea
90%
Brazil
89%
Finland
89%
Norway
89%
Denmark
88%
Sweden
88%
China
87%
Greece
87%
Bangladesh
86%
Iceland
86%
Georgia
83%
Lebanon
83%
Vietnam
83%
Belgium
82%
Bhutan
82%
Malta
82%
Albania
81%
Cote d'Ivoire
81%
Nepal
81%
Switzerland
81%
Bulgaria
80%
Cyprus
80%
Hungary
80%
Kosovo
80%
Palau
80%
Israel
77%
Tonga
77%
Vatican City
77%
San Marino
75%
Pakistan
73%
Papua New Guinea
73%
Turkey
73%
Algeria
72%
Dominican Republic
70%
Malaysia
70%
Germany
69%
Tunisia
69%
Saudi Arabia
67%
Spain
67%
Madagascar
66%
Niger
66%
Singapore
66%
Myanmar
65%
D.R. Congo
64%
South Africa
64%
India
63%
Jamaica
63%
Mexico
63%
Austria
61%
Burkina Faso
60%
Cameroon
60%
Azerbaijan
59%
Barbados
59%
Comoros
59%
Gabon
59%
Libya
59%
Mauritania
59%
Poland
59%
Indonesia
57%
Kenya
57%
Maldives
57%
Uzbekistan
57%
Oman
55%
Turkmenistan
55%
Monaco
52%
South Sudan
49%
Swaziland
48%
Egypt
46%
Peru
46%
Argentina
45%
Yemen
45%
Antigua and Barbuda
43%
Iran
43%
Syria
43%
Iraq
42%
Jordan
42%
United Arab Emirates
42%
Uruguay
42%
Kuwait
41%
Sudan
36%
Malawi
35%
Tajikistan
35%
Macedonia
33%
Kiribati
29%
Kazakhstan
28%
Rwanda
28%
Brunei
23%
Philippines
23%
Venezuela
23%
Marshall Islands
22%
Namibia
22%
Rep. of the Congo
22%
Seychelles
22%
Tanzania
22%
Nauru
20%
Trinidad & Tobago
20%
Bosnia & Herzegovina
18%
St. Kitts & Nevis
17%
Bahamas
16%
East Timor
16%
Eritrea
16%
Zimbabwe
16%
Guyana
14%
Sao Tome & Principe
13%
Vanuatu
13%
Mozambique
12%
Chile
11%
Cuba
11%
Czech Republic
11%
Djibouti
11%
Equatorial Guinea
10%
Liberia
10%
Panama
10%
Samoa
8%
Taiwan
8%
Laos
7%
North Korea
7%
Belize
6%
Cambodia
6%
Croatia
6%
Haiti
6%
Liechtenstein
6%
Luxembourg
6%
Paraguay
6%
Serbia
6%
Slovakia
6%
Slovenia
6%
Somalia
6%
Thailand
6%
Botswana
5%
Cape Verde
5%
Costa Rica
5%
Estonia
5%
F.S. of Micronesia
5%
Afghanistan
4%
El Salvador
4%
Honduras
4%
Nicaragua
4%
Sierra Leone
4%
Angola
2%
Bahrain
2%
Belarus
2%
Burundi
2%
Colombia
2%
Ecuador
2%
Ethiopia
2%
Ghana
2%
Guinea
2%
Morocco
2%
Portugal
2%
Andorra
1%
Armenia
1%
Benin
1%
Bolivia
1%
Chad
1%
Dominica
1%
Grenada
1%
Guatemala
1%
Guinea-Bissau
1%
Kyrgyzstan
1%
Lesotho
1%
Lithuania
1%
Mali
1%
Mauritius
1%
Moldova
1%
Mongolia
1%
Montenegro
1%
Nigeria
1%
Qatar
1%
Romania
1%
Senegal
1%
Solomon Islands
1%
Sri Lanka
1%
St. Vincent and the Grenadines
1%
Suriname
1%
Togo
1%
Uganda
1%
Central African Republic
0%
Fiji
0%
Gambia
0%
Latvia
0%
St. Lucia
0%
Tuvalu
0%
Ukraine
0%
Zambia
0%

Score Distribution

Percentile by Number Answered

Percent of People with Each Score

Your Score History

You have not taken this quiz